| 000 | 00594nam a2200205Ia 4500 | ||
|---|---|---|---|
| 003 | GCL | ||
| 008 | 140319s9999 xx 000 0 ara d | ||
| 040 |
_aGCL / _cGCL |
||
| 082 | 0 | 4 |
_a186.2 _bع د |
| 100 | 1 | _aعبدالعزيز بن عرفة | |
| 245 | 1 | 0 |
_aالدال والاستبدال / _cعبدالعزيز بن عرفة |
| 260 |
_a[S.N] : _bالمركز الثقافى العربى ، _c1993 |
||
| 300 | _a127 ص | ||
| 490 | _a | ||
| 650 | 0 | 4 | _aالفلسفة |
| 650 | 0 | 4 | _aالمنهج الفلسفى |
| 650 | 0 | 4 | _aنون كوج |
| 650 | 0 | 4 | _aالفلاسفة |
| 942 |
_2ddc _cBK |
||
| 999 |
_c52942 _d52942 |
||